000 00293nam a22001337a 4500
008 210224b ||||| |||| 00| 0 eng d
020 _a14118837199
041 _aeng
080 _a004
100 _a35
101 _aSHKI
245 _aGuide To Operating Systems
_cPalmer,M
942 _2udc
_cBK
999 _c55135
_d55135